Search the Library Catalogue
| 000 -LEADER | |
|---|---|
| fixed length control field | 00747nam a2200241Ia 4500 |
| 008 - FIXED-LENGTH DATA ELEMENTS--GENERAL INFORMATION | |
| fixed length control field | 191130s2009##################000#0#eng## |
| 020 ## - INTERNATIONAL STANDARD BOOK NUMBER | |
| ISBN | 9780470483350 |
| 082 ## - DEWEY DECIMAL CLASSIFICATION NUMBER | |
| Classification number | 658.155 WIL |
| 100 ## - MAIN ENTRY--AUTHOR NAME | |
| Personal name | Wilkinghoff, Steve |
| 245 ## - TITLE STATEMENT | |
| Title | Found money : simple strategies to uncover the hidden profit and cash flow in your business |
| Statement of responsibility, etc | Steve Wilkinghoff |
| 260 ## - PUBLICATION, DISTRIBUTION, ETC. (IMPRINT) | |
| Place of publication | Hoboken, NJ |
| Name of publisher | John Wiley & Sons |
| Year of publication | 2009 |
| 300 ## - PHYSICAL DESCRIPTION | |
| Number of Pages | xix, 198 p. ; 24 cm |
| 500 ## - GENERAL NOTE | |
| General note | Includes bibliographical references |
| 650 ## - SUBJECT ADDED ENTRY--TOPICAL TERM | |
| Topical Term | Business enterprises |
| Topical Term | Businesspeople |
| Topical Term | Industrial management |
| Topical Term | Profit |
| 991 ## - | |
| -- | 187816 |
| Withdrawn status | Lost status | Damaged status | Not for loan | Home library | Current library | Shelving location | Date acquired | Full call number | Accession Number | Price effective from | Koha item type |
|---|---|---|---|---|---|---|---|---|---|---|---|
| Anna Centenary Library | Anna Centenary Library | 6TH FLOOR, A WING | 13.10.2020 | 658.155 WIL | 130683 | 13.10.2020 | English Books |